Pays les plus proches du Burkina Faso avec une carte - Statistiques

Statistiques générales
  • Ce quiz a été pris 165 fois
  • Le résultat moyen est 15 sur 20
Réponses sur la Carte
Les réponses sont colorées sur une échelle allant du rouge au vert en fonction du pourcentage des utilisateurs qui les ont devinées à leur premier essai. Vous pouvez retrouver ces pourcentages ci-dessous.
 
Statistiques - réponses
pays % Correct
Mali
97%
Niger
95%
Côte d'Ivoire
94%
Bénin
93%
Togo
93%
Nigeria
90%
Ghana
89%
Sénégal
86%
Guinée
85%
Algérie
83%
Mauritanie
81%
Liberia
80%
Sierra Leone
77%
Guinée-Bissau
70%
Maroc
70%
Gambie
68%
Cameroun
65%
Tchad
60%
Sao Tomé-et-Principe
33%
Guinée équatoriale
30%
Aucun quiz correspondant
Distribution des résultats
% des personnes avec chaque résultat
Percentile par nombre de réponses
Votre historique - résultats
Vous n’avez pas pris ce quiz